000 00821nam a2200217Ia 4500
001 10144
003 GE_BSU
008 181216s||||||||xx |||||||||||||| ||und||
040 _cGE_BSU
080 _a821.353.1-7
100 _aსამსონია,ალექსანდრე
245 _aჩვენ ნიჭიერები ვართ
245 _bიუმორისტული მოთხრობები
245 _cრედ:შ.ქურიძე;მხატვ:ა.ებრალიძე.
260 _aბათუმი.
260 _bსაბჭ.საქართველო
260 _c1968
300 _a170გვ;19სმ.
653 _aჩვენ ნიჭიერები ვართ:იუმორისტული მოთხრობები
942 _cBK
999 _c43415
_d43415